00418nam a2200133 4500008004100000020001800041082001800059100001900077245006200096260004200158300001800200504004500218650002100263181002b xxu||||| |||| 00| 0 eng d a9788187393306 a954.96bT571i aToffin, Gerard aImagination and realities: Nepal between past and present aNew Delhi:bAdroit Publishers, c2016 axviii, 409p.  aBibliography at the end of each chapter. aHistory - Nepal